عرض عادي
عرض مارك
- Fox, Chris,
مدخل إسم شخص
001 - رقم الضبط
- حقل الضبط: 40629
003 - معرف رقم الضبط
- حقل الضبط: OSt
005 - تاريخ ووقت أخر عملية
- حقل الضبط: 20131118194114.0
008 - عناصر بيانات ثابتة الطول
- حقل تحكم ثابت الطول: 131118|||a|||||| | ||| d
040 ## - مصدر الفهرسة
- هيئة الفهرسة الأصلية: OSt
- وكالة الكتابة: OSt
100 ## - مدخل -- أسم شخص
- إسم شخص: Fox, Chris,
- تواريخ مرتبطة بالاسم: 1965-
670 ## - بيانات المصدر موجوده
- الاستشهاد بالمصدر: Work cat.: (OSt)0: The handbook of computational linguistics and natural language processing /, 2010.
